Magic: the Gathering - Power Nine - Statistics

General Stats
  • This quiz has been taken 350 times
    349 since last reset
  • The average score is 8 of 9
Answer Stats
Hint Answer % Correct
Sacrifice for 3 mana of any color Black Lotus
99%
Artifact that makes green mana Mox Emerald
89%
Artifact that makes red mana Mox Ruby
88%
Draw 3 cards for 1 mana Ancestral Recall
85%
Take an extra turn Time Walk
85%
Artifact that makes blue mana Mox Sapphire
83%
Artifact that makes white mana Mox Pearl
78%
Artifact that makes black mana Mox Jet
77%
Everyone shuffles hand & graveyards into their library, then draws new hand Timetwister
68%
No matching quizzes found
Score Distribution
Percent of People with Each Score
Percentile by Number Answered
Your Score History
You have not taken this quiz since the last reset